000 00484nam a22001217a 4500
999 _c532761
_d532761
008 260311b ||||| |||| 00| 0 eng d
100 _aDubey, Anupama and Mishra, R.K.
_959733
245 _aSurface water management aimed regional disparity: A study of Vindhya Plateau and Alluvial Ganga plain regions of India
260 _aMadhya Pradesh Journal of Social Sciences
300 _a29(1), Jun, 2024: p.57-70
773 _aMadhya Pradesh Journal of Social Sciences
942 _cAR